Journalism: New Challenges (Record no. 295668)
[ view plain ]
| 000 -LEADER | |
|---|---|
| fixed length control field | 00402nam a2200109Ia 4500 |
| 008 - FIXED-LENGTH DATA ELEMENTS--GENERAL INFORMATION | |
| fixed length control field | 160609s9999 xx 000 0 und d |
| 100 ## - MAIN ENTRY--PERSONAL NAME | |
| Personal name | Watt, Karen Fowler. |
| 245 ## - TITLE STATEMENT | |
| Title | Journalism: New Challenges |
| 245 ## - TITLE STATEMENT | |
| Statement of responsibility, etc | Karen Fowler-Watt and Stuart Allan (eds) |
| 260 ## - PUBLICATION, DISTRIBUTION, ETC. (IMPRINT) | |
| Date of publication, distribution, etc | 2013 |
| 856 ## - ELECTRONIC LOCATION AND ACCESS | |
| Uniform Resource Identifier | <a href="https://microsites.bournemouth.ac.uk/cjcr/files/2013/10/2013-Journalism-New_Challenges-Fowler-Watt_and_Allan-v1-02.pdf">https://microsites.bournemouth.ac.uk/cjcr/files/2013/10/2013-Journalism-New_Challenges-Fowler-Watt_and_Allan-v1-02.pdf</a> |
| Withdrawn status | Lost status | Damaged status | Home library | Current library | Date acquired | Total Checkouts | Date last seen | Price effective from | Koha item type |
|---|---|---|---|---|---|---|---|---|---|
| College Library | College Library | 06/09/2016 | 06/09/2016 | 06/09/2016 | Curriculum - Based eBooks |